Early medieval Indian society: A study in feudalisation (Record no. 17275)

MARC details
000 -LEADER
fixed length control field 00484nam a2200169Ia 4500
008 - FIXED-LENGTH DATA ELEMENTS--GENERAL INFORMATION
fixed length control field 230917s9999||||xx |||||||||||||| ||und||
020 ## - ISBN
Price RS395
040 ## - CATALOGING SOURCE
-- 230219
Original cataloging agency VIVEKANANDA LIBRARY
041 ## - Language
-- English
082 ## - DDC NUMBER
Classification number 954.02 S23E
100 ## - MAIN ENTRY--PERSONAL NAME
Personal name Sharma, Ram Sharan
245 #0 - TITLE STATEMENT
Title Early medieval Indian society: A study in feudalisation
260 ## - PUBLICATION, DISTRIBUTION, ETC. (IMPRINT)
Place of publication, distribution, etc Hyderabad
Name of publisher, distributor, etc Orient Blackswan
Date of publication, distribution, etc 2015
300 ## - PHYSICAL DESCRIPTION
Pages xiviii, 372 p.
500 ## - GENERAL NOTE
General note 2248 08/01/2016 HBD15/1479 18/01/2016 Main Budget
942 ## - ADDED ENTRY ELEMENTS (KOHA)
Koha item type Books
Holdings
Withdrawn status Lost status Damaged status Not for loan Location (home branch) Sublocation or collection (holding branch) Date acquired Koha issues (times borrowed) Koha full call number Accession No. Koha date last seen Koha item type
        VIVEKANANDA LIBRARY VIVEKANANDA LIBRARY 04/05/2016 2 954.02 S23E 351563 01/05/2026 Books
© Designed and Maintained by Vivekananda Library, MDU Rohtak